000 00535nam a2200205 4500
003 LK-CoMWRAF
005 20231230102346.0
008 230902b1962 |||||||| |||| 00| 0 eng d
040 _aLK-CoMWRAF
_dLK-CoMWRAF
_eLK-CoMWRAF
041 _aeng
082 _a823
_bSWE
100 _aSweaney, A.
110 _aDickens, Charles
245 _aA Christmas carol
260 _aLondon :
_bOxford University press,
_c1962
500 _aTales retold for easy readings
650 _aEnhlish Fiction
650 _aEassy Readings
942 _cBK
999 _c3365
_d3365